000 00235nam a2200097Ia 4500
001 1205367
005 20250827022745.0
008 250824s9999 xx 000 0 und d
245 0 _aPONYFEE
_cBARBARA ZOSCHKE
260 _bMARTI YAYINCILIK
999 _c1205367
_d1205367